| 000 | 00358nam a2200145Ia 4500 | ||
|---|---|---|---|
| 005 | 20250116015222.0 | ||
| 008 | 240331s9999 xx 000 0 und d | ||
| 082 |
_bPER _a932 |
||
| 100 | _aPeris, M | ||
| 245 | 4 | _aThe riddle of the sphinx | |
| 260 |
_aColombo _bUniversity of Ceylon Review _c1967 |
||
| 300 | _a127 P ., | ||
| 500 | _aA short story | ||
| 942 | _cL | ||
| 999 |
_c3439 _d3439 |
||